000 00638nam a2200241Ia 4500
003 OSt
005 20220918174527.0
006 a|||||r|||| 00| 0
007 ta
008 220917b |||||||| |||| 00| 0 eng d
024 _a12,719
037 _cTextual
040 _aARTS
_cARTS
_beng
041 _2eng
_aeng
082 _a/\2y7M72, J2
100 _aAurobindo
_925303
245 0 _aLife literature yoga
_b some new letters
260 _aPondicherry
_bSri Aurobindo Ashram
_c1952
300 _a120
_ccm.
650 _aSPIRITUALISM
942 _h/\2y7M72, J2
_cTEXL
_2CC
999 _c153572
_d153572